Emoční rovnice odhalte svůj zdrojový kód
Enregistré dans:
| Auteur principal: | |
|---|---|
| Format: | Livre |
| Langue: | tchèque |
| Publié: |
Praha
MINDSOFT
2014
|
| Collection: | Aleš Kalina - Lepší život pro každého
|
| Sujets: | |
| Tags: |
Pas de tags, Soyez le premier à ajouter un tag!
|
MARC
| LEADER | 00000nam a2200000 4500 | ||
|---|---|---|---|
| 001 | 0199161 | ||
| 005 | 20240313085737.2 | ||
| 020 | |a 978-80-85335-23-1 | ||
| 041 | 0 | |a cze | |
| 044 | |a CZ | ||
| 245 | 1 | 0 | |a Emoční rovnice |b odhalte svůj zdrojový kód |c Aleš Kalina |
| 264 | 1 | |a Praha |b MINDSOFT |c 2014 | |
| 300 | |a 185 s. | ||
| 490 | 1 | |a Aleš Kalina - Lepší život pro každého | |
| 830 | 0 | |a Aleš Kalina - Lepší život pro každého | |
| 610 | 2 | 0 | |a psychológia |
| 610 | 2 | 0 | |a emócie |
| 610 | 2 | 0 | |a empatia |
| 610 | 2 | 0 | |a osobnosť |
| 610 | 2 | 0 | |a choroby duševné |
| 610 | 2 | 0 | |a problémy spoločenské |
| 610 | 2 | 0 | |a výchova |
| 610 | 2 | 0 | |a deti |
| 610 | 2 | 0 | |a dospelí |
| 610 | 2 | 0 | |a správanie |
| 610 | 2 | 0 | |a štúdie prípadové |
| 610 | 2 | 0 | |a poradenstvo profesionálne |
| 100 | 1 | |a Kalina, Aleš | |